000
00319nam a22001337a 4500
003
SGT
020
_a
9789360455224
082
_a
301
_b
B24S
100
_a
SHARMA, MRITYUNJAY
245
_a
BROKEN PROMISES: CASTE, CRIME & POLITICS IN BIHAR
260
_b
WESTLAND NON - FICTION
_c
2024
300
_a
333
942
_2
ddc
_c
BK
999
_c
32049
_d
32049